000 01607nam0a22002891 4500
001 rc\4416524
005 20130416153508.6
021 _aRU
_b[66-88900]
035 _a(NLR Aleph) 008567307
090 _a8503247
_c8503247
100 _a20130416d1966 |||y0rusy50 ca
101 0 _arus
102 _aRU
105 _aa z |||||
200 1 _aВопросы заточки и доводки режущего инструмента алмазными кругами
_fПод ред. канд. техн. наук К.П. Имшенника
210 _aМосква
_cБ. и.
_d1966
215 _a29 с.
_cчерт.
_d21
225 1 _aМинистерство станкостроительной и инструментальной промышленности СССР. Всесоюзный научно-исследовательский инструментальный институт "ВНИИ". Всесоюзная научно-техническая конференция "Новые конструкции и технология производства режущих инструментов". 21 ноября 1966 г. [Доклады]
300 _aПеред загл. авт.: канд. техн. наук Н.С. Дегтяренко
606 _aРежущие инструменты
_xЗаточка и доводка, алмазная
_2psbo
700 1 _aДегтяренко
_bН. С.
_gНиколай Степанович
702 1 _aИмшенник
_bК. П.
_4340
801 0 _aRU
_bNLR
_gpsbo
801 1 _aRU
_bELAR
_2rusmarc
852 _aNLR
_j67-4/331
942 _cBOOK
980 _aNB